| 000 | 00846cam a22002894a 4500 | ||
|---|---|---|---|
| 001 | 80551 | ||
| 005 | 20230410105358.0 | ||
| 008 | 090603s2009 fr b 000 0 fre | ||
| 010 | _a 2009492160 | ||
| 035 | _a(OCoLC)ocn373153138 | ||
| 040 |
_aDLC _cDLC _dTZT _dAUXAM |
||
| 020 | _a9782213644103 | ||
| 020 | _a2213644101 | ||
| 035 | _a(OCoLC)373153138 | ||
| 050 | 1 | 4 |
_aHB 3722 _bL867c 2009 |
| 082 | 0 | 0 |
_a330.9 _222 |
| 100 | 1 | _aLordon, Fredéric. | |
| 245 | 1 | 3 |
_aLa crise de trop : _breconstruction d'un monde failli / _cFrederic Lordon. |
| 260 |
_a[Paris] : _bFayard, _c2009. |
||
| 300 |
_a303 p. : _c22 cm. |
||
| 504 | _aIncludes bibliographical references. | ||
| 650 | 0 | _aGlobal Financial Crisis, 2008-2009. | |
| 653 | _aContemporary Financial and Economic Crisis. | ||
| 942 |
_2lcc _cbk |
||
| 946 | _amfcruz | ||
| 994 |
_aC0 _bDRFGD |
||
| 999 |
_c35479 _d35479 |
||